Idea university /

Hlavní autor: Scruton, Roger, 1944-2020
Jazyk: Čeština
Vydáno: Praha : Občanský institut, 2002
Edice: Bulletin OI ; č. 132
Témata:
Fyzický popis: 11 s. ; 21 cm
Knihy
Uloženo v:
LEADER 00972nam a2200313 a 4500
001 000625444
003 CZ BrMZK
005 20050504085729.0
007 ta
008 020926s2002 xr f cze d
015 |a cnb001197254 
035 |a (OCoLC)53260333 
040 |a BOA001  |b cze 
041 1 |a cze  |h eng 
080 |a 378.4  |2 MRF 
080 |a (048.8)  |2 MRF 
100 1 |a Scruton, Roger,  |d 1944-2020  |7 skuk0001256  |4 aut 
245 1 0 |a Idea university /  |c Roger Scruton 
260 |a Praha :  |b Občanský institut,  |c 2002 
300 |a 11 s. ;  |c 21 cm 
490 1 |a Bulletin OI ;  |v č. 132 
500 |a Název z obálky 
650 0 7 |a univerzity  |7 ph126937  |x filozofické aspekty  |2 czenas 
655 7 |a studie  |7 fd133597  |2 czenas 
765 0 |t Idea of a university  |9 Česky 
810 2 |a Občanský institut.  |t Bulletin  |0 s 
910 |a BOA001  |b 2-1107.150 
990 |a BK 
996 6 |b 2610171232  |c 2-1107.150  |l MZK  |r Sklad / do 1 hodiny  |n 8  |p p.v.  |w 000625444  |u 000010  |a 1  |e BOA001  |j MZK50  |s P